Schreiben Auf Statuarischen Monumenten : Aspekte Materialer Textkultur in Archaischer und Frühklassischer Zeit.

Die Reihe Materiale Textkulturen ist das Publikationsorgan des gleichnamigen Heidelberger Sonderforschungsbereichs 933, der von der Deutschen Forschungsgemeinschaft gefördert wird. In der Reihe erscheinen Sammelbände und Monographien, die sich den Forschungsschwerpunkten des SFB widmen, also die M...

Full description

Bibliographic Details
Main Author: Dietrich, Nikolaus.
Other Authors: Fouquet, Johannes., Reinhardt, Corinna.
Format: eBook
Language:German
Published: Berlin/Boston : Walter de Gruyter GmbH, 2020.
Edition:1st ed.
Series:Materiale Textkulturen Series
Subjects:
Online Access:Click to View
LEADER 02791nam a22004213i 4500
001 EBC6209857
003 MiAaPQ
005 20231204023214.0
006 m o d |
007 cr cnu||||||||
008 231204s2020 xx o ||||0 ger d
020 |a 9783110645422  |q (electronic bk.) 
035 |a (MiAaPQ)EBC6209857 
035 |a (Au-PeEL)EBL6209857 
035 |a (OCoLC)1153561019 
040 |a MiAaPQ  |b eng  |e rda  |e pn  |c MiAaPQ  |d MiAaPQ 
082 0 |a 481.1 
100 1 |a Dietrich, Nikolaus. 
245 1 0 |a Schreiben Auf Statuarischen Monumenten :  |b Aspekte Materialer Textkultur in Archaischer und Frühklassischer Zeit. 
250 |a 1st ed. 
264 1 |a Berlin/Boston :  |b Walter de Gruyter GmbH,  |c 2020. 
264 4 |c {copy}2020. 
300 |a 1 online resource (256 pages) 
336 |a text  |b txt  |2 rdacontent 
337 |a computer  |b c  |2 rdamedia 
338 |a online resource  |b cr  |2 rdacarrier 
490 1 |a Materiale Textkulturen Series ;  |v v.29 
505 0 |a Intro -- Vorwort -- Inhalt -- Abbildungsverzeichnis -- Einleitung. Zur Materialität des Geschriebenen in der griechischen Plastik: Forschungsgeschichtliche Perspektiven und daraus resultierende Fragen und Probleme -- Kapitel I. Schrift am Grabmal. Zur Materialität der Inschriften an archaischen Grabmälern aus Athen und Attika -- Kapitel II. Dekorative (Un)fertigkeit. Zum Prozess des Beschreibens auf einer Gruppe von spätarchaischfrühklassischen Statuenbasen aus Athen -- Kapitel III. Überlegungen zum Layout griechischer Statueninschriften ausgehend von der Nikandre-Weihung -- Kapitel IV. Kontrapunkte. Perspektivierungen ex post -- Schluss -- English Summary -- Literaturverzeichnis -- Indices. 
520 |a Die Reihe Materiale Textkulturen ist das Publikationsorgan des gleichnamigen Heidelberger Sonderforschungsbereichs 933, der von der Deutschen Forschungsgemeinschaft gefördert wird. In der Reihe erscheinen Sammelbände und Monographien, die sich den Forschungsschwerpunkten des SFB widmen, also die Materialität und Präsenz des Geschriebenen in non-typographischen Gesellschaften erforschen. 
588 |a Description based on publisher supplied metadata and other sources. 
590 |a Electronic reproduction. Ann Arbor, Michigan : ProQuest Ebook Central, 2023. Available via World Wide Web. Access may be limited to ProQuest Ebook Central affiliated libraries.  
655 4 |a Electronic books. 
700 1 |a Fouquet, Johannes. 
700 1 |a Reinhardt, Corinna. 
776 0 8 |i Print version:  |a Dietrich, Nikolaus  |t Schreiben Auf Statuarischen Monumenten  |d Berlin/Boston : Walter de Gruyter GmbH,c2020 
797 2 |a ProQuest (Firm) 
830 0 |a Materiale Textkulturen Series 
856 4 0 |u https://ebookcentral.proquest.com/lib/matrademy/detail.action?docID=6209857  |z Click to View